La propiedad intelectual / (Record no. 122974)

MARC details
000 -LEADER
campo de control de longitud fija 00775nam a2200205 i 4500
001 - NÚMERO DE CONTROL
campo de control 122974
003 - IDENTIFICADOR DE NÚMERO DE CONTROL
campo de control ES-MaACL
005 - FECHA Y HORA DE LA ÚLTIMA TRANSACCIÓN
campo de control 20250729014320.0
007 - CAMPO FIJO DE DESCRIPCIÓN FÍSICA--INFORMACIÓN GENERAL
campo de control de longitud fija t|
008 - DATOS DE LONGITUD FIJA--INFORMACIÓN GENERAL
campo de control de longitud fija 070214s1949 sp r ||||0| spa d
245 03 - MENCIÓN DEL TÍTULO
Título La propiedad intelectual /
Mención de responsabilidad, etc. compilación y comentarios de las disposiciones legales por Juan Giménez Bayo y Lino Rodríguez-Arias Bustamante ; prólogo del Doctor Rodolfo Reyes.
260 ## - PUBLICACIÓN, DISTRIBUCIÓN, ETC.
Lugar de publicación, distribución, etc. Madrid :
Nombre del editor, distribuidor, etc. Instituto Editorial Reus,
Fecha de publicación, distribución, etc. 1949.
300 ## - DESCRIPCIÓN FÍSICA
Extensión 375 p ;
Dimensiones 23 cm.
650 04 - PUNTO DE ACCESO ADICIONAL DE MATERIA--TÉRMINO DE MATERIA
Término de materia o nombre geográfico como elemento de entrada Propiedad intelectual-
Subdivisión geográfica España
9 (RLIN) 16489
700 1# - ENTRADA AGREGADA--NOMBRE PERSONAL
Nombre de persona Giménez Bayo, Juan.
9 (RLIN) 57034
700 1# - ENTRADA AGREGADA--NOMBRE PERSONAL
Nombre de persona Rodríguez-Arias Bustamante, Lino.
9 (RLIN) 98352
700 1# - ENTRADA AGREGADA--NOMBRE PERSONAL
Nombre de persona Reyes, Rodolfo,
Fechas asociadas al nombre 1878-1954
9 (RLIN) 96574
852 ## - LOCALIZACIÓN
Ubicación ES-MaACL
Número de control de estantería B-6552
Sublocalización o colección R.29740
Holdings
Estatus retirado Estado de pérdida Estado de daño No para préstamo Biblioteca de origen Biblioteca actual Ubicación en estantería Fecha de adquisición Fuente de adquisición Total de préstamos Signatura topográfica completa Código de barras Visto por última vez Precio de reemplazo Tipo de ítem Koha
        Biblioteca del Ateneo de Madrid Biblioteca del Ateneo de Madrid Sala Pardo Bazán 17/01/2008     B-6552 1128142 23/02/2023 23/02/2023 Libro impreso